| 000 | 01724nam a2200253 i 4500 | ||
|---|---|---|---|
| 003 | DO-SdBNP | ||
| 005 | 20240419131755.0 | ||
| 006 | a||||gr|||| 00| 0 | ||
| 007 | ta | ||
| 008 | 240418e2024 |||ad||| ||||s00| 0 spa d | ||
| 040 |
_aDO-SdBNP _bspa _cBNPHU _erda |
||
| 082 | 4 |
_222 _bR426c |
|
| 110 | 1 |
_aRepública Dominicana. _bÉtica e Integridad Gubernamental _984998 _eautor |
|
| 245 | 1 | 0 | _aV plan de acción de la República Dominicana ante la alianza para el gobierno abierto 2022 - 2024. |
| 246 | _aQuinto plan de acción de la República Dominicana ante la alianza para el gobierno abierto 2022 - 2024. | ||
| 264 | 1 |
_aSanto Domingo : _b[no identificado] _c[2024] |
|
| 300 |
_a125 páginas : _bIlustraciones ; _c28 cm. |
||
| 336 |
_2rdacontent _atexto _btxt |
||
| 337 |
_2rdamedia _asinmediación _bn |
||
| 338 |
_2rdacarrier _avolumen _bnc |
||
| 505 |
_aIntroducción. _tAcciones de Gobeirno Abierto.-- _tProceso de Consulta.-- _tCompromisos V Plan de Acción de gobierno Abierto.-- _tPlan Nacional de Acción para la Apertura de #DatosAbiertosRD.-- _tPrograma Burocracia Cero: Hacia un Gobierno Eficiente.-- _tGobierno Abierto en las Gobernaciones.-- _tPortal EfiComprasRD.-- _tCalculadora de Huella de Carono para el Sistema Nacional de Contrataciones Públicas.-- _tSistema de Monitoreo y Evaluzición de la Calidad de los Servidores Públicos.-- _tContact Center: Cuida tu salud mental.-- _tApertura de las demandas territorales.-- _t#PasantíasPúblicasRD.-- _tPlataforma para el Registro y Monitoreo de los Residuos Especiales en la República Domincana #RDCeroResiduo.-- _tCaminando hacia un Estado Abierto.-- _tRelevancia: Aporte de los compromisos.-- _tAgradecimientos. |
||
| 590 | _aInventariado 2024 / MF | ||
| 942 |
_2ddc _cLBS1 |
||
| 999 |
_c56460 _d56460 |
||